Vainqueurs de la Bundesliga , coachs, capitaines et meilleurs buteurs - Statistiques

Statistiques générales
  • Ce quiz a été pris 303 fois
    50 depuis la dernière actualisation
  • Le résultat moyen est 55 sur 76
Statistiques - réponses
Hint Réponse % Correct
Champion Bayer Leverkusen
100%
Bayern Munich
100%
Bayern Munich
100%
23 Bayern Munich
100%
22 Bayern Munich
100%
21 Bayern Munich
100%
20 Bayern Munich
100%
19 Bayern Munich
100%
18 Bayern Munich
100%
17 Bayern Munich
100%
16 Bayern Munich
100%
15 Bayern Munich
100%
14 Bayern Munich
100%
13 Bayern Munich
100%
10 Bayern Munich
100%
8 Bayern Munich
100%
12 Borussia Dortmund
100%
11 Borussia Dortmund
100%
Oliver Kahn
100%
Harry Kane
98%
Harry Kane
98%
Robert Lewandowski
98%
Robert Lewandowski
98%
Robert Lewandowski
98%
Robert Lewandowski
98%
Robert Lewandowski
98%
Robert Lewandowski
98%
Robert Lewandowski
98%
Robert Lewandowski
98%
Robert Lewandowski / Arjen Robben
98%
Vincent Kompany
96%
Vincent Kompany
96%
Manuel Neuer
91%
Manuel Neuer
91%
Manuel Neuer
91%
Manuel Neuer
91%
Manuel Neuer
91%
Manuel Neuer
91%
Manuel Neuer
91%
Manuel Neuer
91%
Coach Xabi Alonso
91%
Hans-Dieter Flick
83%
Hans-Dieter Flick
83%
Pep Guardiola
76%
Pep Guardiola
76%
Pep Guardiola
76%
9 VfL Wolfsburg
74%
Jürgen Klopp
67%
Jürgen Klopp
67%
Philipp Lahm
67%
Philipp Lahm
67%
Philipp Lahm
67%
Philipp Lahm
67%
Philipp Lahm
67%
Victor Boniface
65%
ba Arjen Robben
63%
Thomas Tuchel
59%
Julian Nagelsmann
54%
Carlo Ancelotti
50%
Serge Gnabry
46%
Jupp Heynckes
39%
Jupp Heynckes
39%
Niko Kovač
37%
Mario Mandžukić
26%
la Mario Mandžukić
26%
Lukáš Hrádecký
24%
ba Luca Toni
22%
Grafite
15%
Louis Van Gaal
13%
Sebastian Kehl
7%
Sebastian Kehl
7%
Lucas Barrios
4%
Mark Van Bommel
4%
Felix Magath
2%
Josué
2%
Ottmar Hitzfeld
2%
Aucun quiz correspondant
Distribution des résultats
% des personnes avec chaque résultat
Percentile par nombre de réponses
Votre historique - résultats
Vous n’avez pas pris ce quiz depuis la dernière actualisation